000 00419nam a2200181Ia 4500
001 4116
005 20260306145732.0
008 260306t2007||||xx |||||||||||||| ||spa||
041 _aESP
082 _a306.85
_bH12 Nº 94
100 _aGarrido Gil, Pablo
_eAUT
245 0 _aEducar en el orden
260 _c2007
300 _a250 páginas :
_c19 cm.
650 _aGEN
654 _aCED
942 _cLIB
_dJUS
_fJUS
_2ddc
_n
999 _c4116
_d4116